Comets (Record no. 5960)

MARC details
000 -LEADER
fixed length control field 00674nam a2200181Ia 4500
003 - CONTROL NUMBER IDENTIFIER
control field IN-BaIIA
008 - FIXED-LENGTH DATA ELEMENTS--GENERAL INFORMATION
fixed length control field 211028s9999 xx 000 0 eng d
040 ## - CATALOGING SOURCE
Transcribing agency IIA Library
080 ## - UNIVERSAL DECIMAL CLASSIFICATION NUMBER
Universal Decimal Classification number 523.64(063)
Item number COM
111 ## - MAIN ENTRY--MEETING NAME
Location of meeting Tucson, Arizona
Date of meeting or treaty signing 1972 July 01
9 (RLIN) 10337
245 #0 - TITLE STATEMENT
Title Comets
Remainder of title proceedings of the Tucson comet conference on scientific data and missions, held in Tucson, Arizona, 1 July 1972
Statement of responsibility, etc. edited by G .P. Kuiper and E. Roemer
260 ## - PUBLICATION, DISTRIBUTION, ETC.
Place of publication, distribution, etc. Arizona
Name of publisher, distributor, etc. Lunar Planetary Observatory
Date of publication, distribution, etc. 1972
300 ## - PHYSICAL DESCRIPTION
Extent 222p.
650 ## - SUBJECT ADDED ENTRY--TOPICAL TERM
Topical term or geographic name entry element Comets
9 (RLIN) 755
700 ## - ADDED ENTRY--PERSONAL NAME
Personal name Kuiper, G .P., ed.
9 (RLIN) 10338
700 ## - ADDED ENTRY--PERSONAL NAME
Personal name Roemer, E., ed.
9 (RLIN) 10339
942 ## - ADDED ENTRY ELEMENTS (KOHA)
Koha item type Books
Holdings
Withdrawn status Lost status Damaged status Not for loan Home library Current library Shelving location Date acquired Total Checkouts Full call number Barcode Date last seen Price effective from Koha item type
        IIA Library-Bangalore IIA Library-Bangalore General Stacks 27/09/1978   523.64(063)/ COM 6658 05/11/2021 27/09/1978 Books

Powered by Koha